000 00355nam a2200145Ia 4500
008 150201s2005 xx 000 0 und d
082 _a618.92
_bE2005G
100 _aGHAI,O.P.
245 _aESSENTIAL PEDIATRICS
250 _a6TH
260 _bC.B.S PUBLISHERS & DISTRIBUTERS
_aDELHI
_c2005
300 _a1-720
650 _aPEDODONTICS
942 _2ddc
_cBK
999 _c3920
_d3920